• 首页
  • 本馆介绍
  • 公告通知
  • 最新文献
  • 馆藏检索
  • 电子资源
  • 读者导购
  • 参考咨询
  • 我的图书馆
  • 登录
  • 详细信息显示
  • 放入我的书架
  • 预约/预借图书
  • 作者相关作品
  • 分类相关作品
  • 丛书相关作品
  • 出版社相关作品

书目信息

  • 表格格式
  • 工作单格式
  • 卡片格式
题名:
摄影构图艺术
    
 
作者: 李兴国 著
分册:  
出版信息: 北京   北京师范大学出版社  1999
页数: 376页
开本: 插图
丛书名:
单 册:
中图分类: J406
科图分类:
主题词: 摄影艺术--美术理论
电子资源:
ISBN: 7-303-04787-5
000 00570nam0 2200205 45
001 0204171021
005 20041209111421.4
010    @a7-303-04787-5@dCNY26.00
100    @a20020417e20011999km y0chiy0120 ea
101 0  @achi
105    @aa z 000yy
200 1  @a摄影构图艺术@AShe Ying Gou Tu Yi Shu@f李兴国著@FLi Xing Guo Zhu
210    @a北京@c北京师范大学出版社@d1999@h2001重印
215    @a376页@d插图@d20cm
300    @a电视学系列教程
606 0  @a摄影艺术@x美术理论
690    @aJ406@v4
701  0 @a李兴国@4著
801    @aCN@bTSTC@c20020417
905    @dJ406@e131
    
    摄影构图艺术/李兴国著.-北京:北京师范大学出版社,1999(2001重印)
    376页;插图;20cm
    电视学系列教程
    
    ISBN 7-303-04787-5:CNY26.00
    
●
相关链接 在E读中查询图书 在五车中查询图书 在当当中查询图书 在豆瓣中查询图书


正题名:摄影构图艺术     索取号:J406/131         预约/预借

序号 登录号 条形码 馆藏地/架位号 状态 备注
1 0308596   203085963   第一借阅区/ [索取号:J406/131] 在馆    
2 0308597   203085972   第一借阅区/ [索取号:J406/131] 在馆    
3 0308598   203085981   第一借阅区/ [索取号:J406/131] 在馆    
4 0308599   203085990   第一借阅区/ [索取号:J406/131] 在馆    
5 0308600   203086007   第一借阅区/ [索取号:J406/131] 在馆    
6 0308601   203086016   第一借阅区/ [索取号:J406/131] 在馆    
7 0308602   203086025   第一借阅区/ [索取号:J406/131] 在馆    
8 0308603   203086034   第一借阅区/ [索取号:J406/131] 在馆    
9 0308604   203086043   第一借阅区/ [索取号:J406/131] 在馆    
10 0308605   203086052   第一样本阅览室/ [索取号:J406/131] 在馆    
唐山师范学院图书馆 欢迎您!
大连网信软件有限公司© 版权所有